000 00350nam a2200157Ia 4500
003 OSt
005 20240219113309.0
008 170524s9999 xx 000 0 und d
020 _a978-8120302990
040 _cIIMT UNIVERSITY MEERUT
100 _aRyder JD
245 0 _aNetwork Lines & Fields
260 _bPHI
260 _c2007
942 _2ddc
_c02
999 _c4850
_d4850